header

Inside the black box (Record no. 62870)

MARC details
000 -LEADER
fixed length control field 01621nam a2200373 a 4500
082 04 - DEWEY DECIMAL CLASSIFICATION NUMBER
Classification number 332.64/2
100 1# - MAIN ENTRY--AUTHOR NAME
Personal name Narang, Rishi K.,
245 10 - TITLE STATEMENT
Title Inside the black box
250 ## - EDITION STATEMENT
Edition statement 2nd ed.
260 ## - PUBLICATION, DISTRIBUTION, ETC. (IMPRINT)
Place of publication Hoboken, N.J. :
Name of publisher John Wiley & Sons, Inc.,
Year of publication c2013.
300 ## - PHYSICAL DESCRIPTION
Number of Pages xvii, 317 p. :
Other physical details ill.
490 1# - SERIES STATEMENT
Series statement Wiley finance series
505 0# - FORMATTED CONTENTS NOTE
Formatted contents note pt. 1. The quant universe -- pt. 2. Inside the black box -- pt. 3. A practical guide for investors in quantitative strategies -- pt. 4. High-speed and high-frequency trading.
650 #0 - SUBJECT ADDED ENTRY--TOPICAL TERM
Topical Term Portfolio management
Topical Term Investment analysis
Topical Term Stocks
856 40 - ELECTRONIC LOCATION AND ACCESS
Uniform Resource Identifier http://site.ebrary.com/lib/rucke/Doc?id=10671488

No items available.

© 2026 Rongo University
Contact us: librarian | system librarian | Rongo university